| 000 | 00653nam a2200205 i 4500 | ||
|---|---|---|---|
| 001 | bg | ||
| 245 | 7 | 0 |
_aWybrane prace z zakresu inżynierii chemicznej i procesowej / _cPolitechnika Krakowska im. Tadeusza Kościuszki. Wydział Inżynierii i Technologii Chemicznej. T.1. |
| 260 |
_aKraków : _bPK, _c1995. |
||
| 300 |
_a126 s. : _brys., wykr. ; _c24 cm. |
||
| 504 | _aBibliogr. przy art. | ||
| 650 | 9 |
_aTechnologia chemiczna _xzagadnienia |
|
| 700 | 1 | _aTABIŚ, Bolesław. | |
| 020 | _a8390387883 | ||
| 040 | _cBPK | ||
| 041 | _apol | ||
| 080 | _a66.01/.09 | ||
| 920 | _a83-903878-8-3 | ||
| 942 | _cKS | ||
| 008 | s pl f |000 0 pol | ||
| 999 |
_c30580 _d30580 |
||
| 856 |
_uhttp://koha.tu.koszalin.pl/cgi-bin/koha/opac-detail.pl?biblionumber=30580 _yKatalog online BPK |
||